000 01231nam a2200337Ia 4500
003 CO-BoRNBP
005 20250605102211.0
007 ta
008 210811r20162019ag a jr6 000 h spa d
020 _a9789505156061
040 _aCO-BoRNBP
_bspa
_erda
_cCO-BoRNBP
041 0 _aspa
084 _aH QUI2
100 1 _aQuino
_d1932-2020
_eautor
_959680
245 1 0 _aMafalda, 6
_cQuino
250 _a1a. edición
264 1 _aBuenos Aires
_bEdiciones de la Flor
_c2016
_c2019
300 _a[83] páginas
_bilustraciones
_c14 cm
336 _atexto
_btxt
_2rdacontent
337 _asin mediación
_bn
_2rdamedia
338 _avolumen
_bnc
_2rdacarrier
500 _aQuino es seudónimo de Joaquín Salvador Lavado
521 _aRecomendado para un público mayor de 15 años
650 0 4 _aSociedad
_vTiras Cómicas, historietas, etc.
_2LEMB
_959681
650 0 0 _aNiños
_vTiras Cómicas, historietas, etc.
_2LEMB
_959682
650 0 0 _aProblemas sociales
_vTiras Cómicas, historietas, etc.
_2LEMB
_959683
650 0 0 _aAutores argentinos.
_ySiglo XX
_2LEMB
_9784
650 0 0 _aLiteratura juvenil argentina
_ySiglo XX
_2LEMB
_959684
650 0 0 _aTiras cómicas, historietas, etc. argentinas
_ySiglo XX
_2LEMB
_91843
942 _2loc
_cBKLIT
999 _c57165
_d57165